[Event "4NCL/2001-02/D3/SCS-MK"]
[Site "Rd02-Birmingham"]
[Date "2001.09.23"]
[Round "2.4"]
[White "Elwin, Adrian G"]
[Black "Rattray, Ross"]
[Result "0-1"]
[WhiteElo "1968"]
[BlackElo "2076"]
[PlyCount "86"]
[EventDate "2001.09.23"]
[EventType "team-match"]
[EventCountry "ENG"]
[SourceTitle "BritBase"]
[Source "John Saunders"]
[SourceDate "2024.10.24"]
[SourceVersion "1"]
[SourceVersionDate "2024.10.24"]
[SourceQuality "1"]
[WhiteTeam "Milton Keynes"]
[BlackTeam "Southern Counties Stars"]
[WhiteTeamCountry "ENG"]
[BlackTeamCountry "ENG"]

1. Nf3 d5 2. c4 c6 3. e3 Nf6 4. Nc3 e6 5. d4 Nbd7 6. Bd3 dxc4 7. Bxc4 b5 8. Bd3 a6 9. O-O c5 10. dxc5 Nxc5 11. Bxb5+ axb5 12. Qxd8+ Kxd8 13. Ne5 b4 14. Nb5 Bd7 15. Nd4 Ke8 16. Rd1 Ba4 17. b3 Bxb3 18. Nxb3 Nxb3 19. Rb1 Nxc1 20. Rbxc1 Nd5 21. Rc6 Ne7 22. Rb6 f6 23. Nc4 Kf7 24. Rxb4 Rxa2 25. h4 h5 26. Rd8 g5 27. hxg5 fxg5 28. Ne5+ Kg7 29. Rb7 Rc2 30. f4 g4 31. g3 h4 32. gxh4 g3 33. Nf3 Kf6 34. Ng5 Rc8 35. Rd6 Rxh4 36. Rxe6+ Kg7 37. Kg2 Rg4 38. Rd6 Rc2+ 39. Kf3 g2 40. Ne6+ Kf7 41. Rb8 Nc8 42. Rb7+ Be7 43. Nd8+ Ke8 0-1

[Event "4NCL/2001-02/D3/SCS-MK"]
[Site "Rd02-Birmingham"]
[Date "2001.09.23"]
[Round "2.5"]
[White "Partington, Anna"]
[Black "Thomas, Philip"]
[Result "1/2-1/2"]
[WhiteElo "1792"]
[BlackElo "1960"]
[PlyCount "85"]
[EventDate "2001.09.23"]
[EventType "team-match"]
[EventCountry "ENG"]
[SourceTitle "BritBase"]
[Source "John Saunders"]
[SourceDate "2024.10.24"]
[SourceVersion "1"]
[SourceVersionDate "2024.10.24"]
[SourceQuality "1"]
[WhiteTeam "Southern Counties Stars"]
[BlackTeam "Milton Keynes"]
[WhiteTeamCountry "ENG"]
[BlackTeamCountry "ENG"]

1. d4 d5 2. Nf3 Nc6 3. e3 Nf6 4. b3 Bg4 5. Bb2 e6 6. c4 Bb4+ 7. Bc3 Qe7 8. c5 e5 9. dxe5 Bxf3 10. gxf3 Qxe5 11. Qd2 Bxc3 12. Nxc3 d4 13. Nb5 dxe3 14. Qxe3 O-O 15. Qxe5 Nxe5 16. f4 Ng6 17. b4 a6 18. Nxc7 Rac8 19. Nxa6 Rfe8+ 20. Kd1 Nxf4 21. Bb5 Re6 22. Re1 Ne4 23. Kc2 bxa6 24. Bd7 Rce8 25. Bxe8 Rxe8 26. f3 Nf6 27. Rxe8+ Nxe8 28. a4 Kf8 29. b5 axb5 30. axb5 Ne6 31. c6 Nd4+ 32. Kc3 Nxb5+ 33. Kc4 Nbc7 34. Kc5 g6 35. Rd1 Ne6+ 36. Kb6 Ke7 37. Rd7+ Kf8 38. h4 h5 39. Ra7 Kg7 40. Re7 Kf8 41. Ra7 Kg7 42. Re7 Kf8 43. Ra7 1/2-1/2

[Event "4NCL/2001-02/D3/SCS-MK"]
[Site "Rd02-Birmingham"]
[Date "2001.09.23"]
[Round "2.6"]
[White "Mahony, Richard"]
[Black "Lutton, E Josiah"]
[Result "1/2-1/2"]
[WhiteElo "1824"]
[BlackElo "1672"]
[PlyCount "49"]
[EventDate "2001.09.23"]
[EventType "team-match"]
[EventCountry "ENG"]
[SourceTitle "BritBase"]
[Source "John Saunders"]
[SourceDate "2024.10.24"]
[SourceVersion "1"]
[SourceVersionDate "2024.10.24"]
[SourceQuality "1"]
[WhiteTeam "Milton Keynes"]
[BlackTeam "Southern Counties Stars"]
[WhiteTeamCountry "ENG"]
[BlackTeamCountry "ENG"]

1. Nf3 b5 2. g3 Bb7 3. Bg2 e6 4. O-O c5 5. c3 d6 6. d4 Nd7 7. Bg5 Be7 8. Bxe7 Nxe7 9. Nbd2 Nf6 10. Re1 O-O 11. e3 Qb6 12. a3 Rac8 13. Qe2 b4 14. axb4 cxb4 15. c4 a5 16. b3 Ra8 17. Rec1 Rfc8 18. Ne1 Bxg2 19. Kxg2 Qc6+ 20. Qf3 Qd7 21. Ra4 Qc7 22. Rca1 Nc6 23. Nd3 Nd7 24. R4a2 Qb6 25. Nb2 1/2-1/2

[Event "4NCL/2001-02/D3/SCS-MK"]
[Site "Rd02-Birmingham"]
[Date "2001.09.23"]
[Round "2.7"]
[White "Gosden, Raymond"]
[Black "Valentine, Brian J"]
[Result "0-1"]
[WhiteElo "1744"]
[BlackElo "1904"]
[PlyCount "88"]
[EventDate "2001.09.23"]
[EventType "team-match"]
[EventCountry "ENG"]
[SourceTitle "BritBase"]
[Source "John Saunders"]
[SourceDate "2024.10.24"]
[SourceVersion "1"]
[SourceVersionDate "2024.10.24"]
[SourceQuality "1"]
[WhiteTeam "Southern Counties Stars"]
[BlackTeam "Milton Keynes"]
[WhiteTeamCountry "ENG"]
[BlackTeamCountry "ENG"]

1. e4 Nc6 2. d4 e5 3. dxe5 Nxe5 4. Nf3 Bb4+ 5. c3 Nxf3+ 6. Qxf3 Bc5 7. Bc4 Qf6 8. Nd2 d6 9. O-O Qxf3 10. Nxf3 Ne7 11. Bf4 O-O 12. Rad1 Ng6 13. Bg3 Bg4 14. Be2 Rfe8 15. h3 Rxe4 16. Bd3 Bxf3 17. Bxe4 Bxe4 18. Rfe1 Bc6 19. h4 h5 20. b4 Bb6 21. c4 a6 22. Kf1 Kf8 23. Rd2 Re8 24. Rxe8+ Kxe8 25. Ke2 Bxg2 26. f3 Ne7 27. c5 dxc5 28. bxc5 Bxc5 29. Bxc7 f6 30. Rd8+ Kf7 31. Rb8 Bh3 32. Rxb7 Be6 33. a4 Bd5 34. Rb8 Nf5 35. a5 Nxh4 36. f4 Nf5 37. Rd8 Bc6 38. Bb6 Bd6 39. Rc8 Ne7 40. Rh8 Bxf4 41. Rxh5 g5 42. Bc5 Ke6 43. Rh7 Nf5 44. Ra7 Kd5 0-1

[Event "4NCL/2001-02/D3/SCS-MK"]
[Site "Rd02-Birmingham"]
[Date "2001.09.23"]
[Round "2.8"]
[White "Thomas, Jacqueline"]
[Black "Miller, Naomi"]
[Result "0-1"]
[WhiteElo "1152"]
[BlackElo "1344"]
[PlyCount "160"]
[EventDate "2001.09.23"]
[EventType "team-match"]
[EventCountry "ENG"]
[SourceTitle "BritBase"]
[Source "John Saunders"]
[SourceDate "2024.10.24"]
[SourceVersion "1"]
[SourceVersionDate "2024.10.24"]
[SourceQuality "1"]
[WhiteTeam "Milton Keynes"]
[BlackTeam "Southern Counties Stars"]
[WhiteTeamCountry "ENG"]
[BlackTeamCountry "ENG"]

1. c4 Nf6 2. Nc3 g6 3. g3 Bg7 4. Bg2 d6 5. d4 Nbd7 6. Bg5 c5 7. d5 O-O 8. e3 Ne5 9. Nge2 Nxc4 10. Qb3 Ne5 11. Bxf6 Bxf6 12. f4 Nd3+ 13. Kd2 Nb4 14. a3 Na6 15. Ne4 Qa5+ 16. N2c3 Bg7 17. h4 Bg4 18. Rab1 Rab8 19. Qa4 Qxa4 20. Nxa4 b5 21. Nac3 Nc7 22. Bh3 Bf3 23. Rhf1 Bxe4 24. Nxe4 Nxd5 25. g4 b4 26. h5 bxa3 27. bxa3 Rxb1 28. Rxb1 c4 29. Rb5 c3+ 30. Kd3 Rc8 31. Rb1 c2 32. Rc1 Bb2 33. Rxc2 Rxc2 34. Kxc2 Bxa3 35. Kd3 Bc1 36. Nd2 Bxd2 37. Kxd2 Kf8 38. Kd3 e6 39. Kd4 Ke7 40. Bf1 Kd7 41. f5 Nf6 42. fxe6+ fxe6 43. hxg6 hxg6 44. g5 Nh7 45. Bd3 Nxg5 46. Bxg6 Nf3+ 47. Ke4 Ne5 48. Bh5 Kc6 49. Kd4 Kb5 50. Be2+ Kb4 51. Ba6 Nc6+ 52. Kd3 Nb8 53. Bc8 e5 54. Ke4 Kc5 55. Kf5 a5 56. Be6 a4 57. Ba2 a3 58. Ke6 Nc6 59. Kf5 Nb4 60. Bb3 a2 61. Bxa2 Nxa2 62. Ke4 Nc3+ 63. Kd3 Nd5 64. Ke4 Nxe3 65. Kxe3 d5 66. Kd3 e4+ 67. Ke3 Kc4 68. Kf4 Kd3 69. Ke5 e3 70. Kxd5 e2 71. Kc5 e1=Q 72. Kd6 Qa5 73. Ke6 Qc5 74. Kf6 Qd5 75. Kg6 Qe5 76. Kf7 Qd6 77. Ke8 Qc7 78. Kf8 Qd7 79. Kg8 Ke4 80. Kf8 Kf5 0-1

[Event "4NCL/2001-02/D3/SWD2-AFC"]
[Site "Rd02-Birmingham"]
[Date "2001.09.23"]
[Round "2.1"]
[White "Richmond Garwell, Jane"]
[Black "Spence, David J"]
[Result "1-0"]
[WhiteElo "2243"]
[BlackElo "2185"]
[PlyCount "51"]
[EventDate "2001.09.23"]
[EventType "team-match"]
[EventCountry "ENG"]
[SourceTitle "BritBase"]
[Source "John Saunders"]
[SourceDate "2024.10.24"]
[SourceVersion "1"]
[SourceVersionDate "2024.10.24"]
[SourceQuality "1"]
[WhiteTeam "South Wales Dragons 2"]
[BlackTeam "All Four Corners"]
[WhiteTeamCountry "WLS"]
[BlackTeamCountry "ENG"]

1. e4 e6 2. d4 d5 3. Nc3 Bb4 4. e5 c5 5. a3 Ba5 6. Bd2 Nc6 7. Nb5 Nxd4 8. Nxd4 cxd4 9. Nf3 Bc7 10. Bf4 Ne7 11. Qxd4 Ba5+ 12. b4 Bb6 13. Qd2 Bd7 14. Bd3 Ng6 15. Bg3 a6 16. h4 Bb5 17. h5 Ne7 18. h6 g6 19. Bh4 Bxd3 20. cxd3 Qd7 21. Bf6 O-O 22. Qg5 Bd8 23. Rc1 d4 24. Nd2 Nd5 25. Ne4 Nxf6 26. Qxf6 1-0

[Event "4NCL/2001-02/D3/SWD2-AFC"]
[Site "Rd02-Birmingham"]
[Date "2001.09.23"]
[Round "2.2"]
[White "Hardman, Michael J"]
[Black "Jones, Richard S"]
[Result "1-0"]
[WhiteElo "1960"]
[BlackElo "2154"]
[PlyCount "99"]
[EventDate "2001.09.23"]
[EventType "team-match"]
[EventCountry "ENG"]
[SourceTitle "BritBase"]
[Source "John Saunders"]
[SourceDate "2024.10.24"]
[SourceVersion "1"]
[SourceVersionDate "2024.10.24"]
[SourceQuality "1"]
[WhiteTeam "All Four Corners"]
[BlackTeam "South Wales Dragons 2"]
[WhiteTeamCountry "ENG"]
[BlackTeamCountry "WLS"]

1. e4 e5 2. Bc4 Nf6 3. d3 Bc5 4. h3 d6 5. Nf3 Nc6 6. Nc3 Na5 7. Bb3 Nxb3 8. axb3 a6 9. Qe2 h6 10. Be3 Bxe3 11. Qxe3 O-O 12. Ne2 Re8 13. g4 Qe7 14. Ng3 d5 15. O-O Bd7 16. Nf5 Qf8 17. Nh2 Bc6 18. f3 Kh7 19. Qf2 Nd7 20. Rfe1 Nc5 21. g5 hxg5 22. h4 gxh4 23. Qxh4+ Kg8 24. Ng4 Re6 25. Re2 Qd8 26. Qh3 f6 27. Rh2 Qf8 28. Qh7+ Kf7 29. Qh5+ g6 30. Qh7+ Ke8 31. Ng7+ Kd8 32. Nxe6+ Nxe6 33. Qxg6 Ng5 34. Kg2 Ke7 35. Rah1 Be8 36. Qf5 dxe4 37. fxe4 Ne6 38. Rh7+ Kd6 39. Qxf6 Qxf6 40. Nxf6 Bg6 41. Rh8 Ra7 42. Rg8 Bf7 43. Rgh8 Nd4 44. c3 Nxb3 45. Kf2 a5 46. R1h6 Be6 47. Nd5 Nc5 48. Ke3 c6 49. Nb6 a4 50. Nc8+ 1-0

[Event "4NCL/2001-02/D3/SWD2-AFC"]
[Site "Rd02-Birmingham"]
[Date "2001.09.23"]
[Round "2.3"]
[White "May, Frank WLS"]
[Black "Phillips, David"]
[Result "1-0"]
[WhiteElo "2125"]
[BlackElo "1984"]
[PlyCount "98"]
[EventDate "2001.09.23"]
[EventType "team-match"]
[EventCountry "ENG"]
[SourceTitle "BritBase"]
[Source "John Saunders"]
[SourceDate "2024.10.24"]
[SourceVersion "1"]
[SourceVersionDate "2024.10.24"]
[SourceQuality "1"]
[WhiteTeam "South Wales Dragons 2"]
[BlackTeam "All Four Corners"]
[WhiteTeamCountry "WLS"]
[BlackTeamCountry "ENG"]

1. d4 Nf6 2. c4 g6 3. Nc3 d5 4. Bg5 Ne4 5. Bh4 Nxc3 6. bxc3 Bg7 7. e3 O-O 8. cxd5 Qxd5 9. Bxe7 Re8 10. Bh4 Qa5 11. Qd2 c5 12. Nf3 Nc6 13. Be2 Bg4 14. Rd1 cxd4 15. cxd4 Qxd2+ 16. Rxd2 Bxf3 17. gxf3 Rac8 18. O-O a6 19. Rfd1 Nb4 20. d5 Bc3 21. d6 Bxd2 22. d7 Bc3 23. Rc1 Nxa2 24. dxe8=Q+ Rxe8 25. Rc2 b5 26. Rxa2 b4 27. Bd1 Rb8 28. Bb3 Rb6 29. Kf1 Kf8 30. Ke2 f6 31. Bg3 Ke7 32. f4 h5 33. e4 Kd7 34. f3 Ke7 35. Bf2 Rc6 36. Bd5 Rc7 37. Rxa6 Bb2 38. Ra7 Rxa7 39. Bxa7 Bc1 40. Be3 Ba3 41. Kd3 Kf8 42. Kc4 Kg7 43. Kb3 Kh6 44. f5+ Kg7 45. fxg6 Kxg6 46. Be6 Kg7 47. f4 Kg6 48. f5+ Kg7 49. h4 Kf8 1-0

[Event "4NCL/2001-02/D3/SWD2-AFC"]
[Site "Rd02-Birmingham"]
[Date "2001.09.23"]
[Round "2.4"]
[White "Khoo, Teresa"]
[Black "Borg, Andrew"]
[Result "1/2-1/2"]
[WhiteElo "1880"]
[BlackElo "2131"]
[PlyCount "72"]
[EventDate "2001.09.23"]
[EventType "team-match"]
[EventCountry "ENG"]
[SourceTitle "BritBase"]
[Source "John Saunders"]
[SourceDate "2024.10.24"]
[SourceVersion "1"]
[SourceVersionDate "2024.10.24"]
[SourceQuality "1"]
[WhiteTeam "All Four Corners"]
[BlackTeam "South Wales Dragons 2"]
[WhiteTeamCountry "ENG"]
[BlackTeamCountry "WLS"]

1. e4 c5 2. Nf3 g6 3. d3 Bg7 4. g3 Nc6 5. Bg2 d6 6. Nbd2 Rb8 7. a4 a6 8. O-O Nf6 9. Re1 e5 10. c3 O-O 11. Nc4 b5 12. axb5 axb5 13. Ne3 Qb6 14. Qe2 Re8 15. h4 h5 16. Bd2 Bb7 17. Ng5 Rbd8 18. Qd1 Rf8 19. Ra2 Na5 20. Bc1 d5 21. Qc2 d4 22. Nf1 Nc6 23. Ra1 Rc8 24. Bd2 Nh7 25. Nxh7 Kxh7 26. Bh3 Rcd8 27. Nh2 Bc8 28. Bg2 Be6 29. Nf3 f6 30. cxd4 cxd4 31. Rec1 Rc8 32. Qc5 Qb7 33. Qa3 Ra8 34. Qd6 Rxa1 35. Rxa1 Qd7 36. Qc5 Qb7 1/2-1/2

[Event "4NCL/2001-02/D3/SWD2-AFC"]
[Site "Rd02-Birmingham"]
[Date "2001.09.23"]
[Round "2.5"]
[White "Roberts, David L"]
[Black "Jones, Ronald"]
[Result "1-0"]
[WhiteElo "2150"]
[BlackElo "1664"]
[PlyCount "95"]
[EventDate "2001.09.23"]
[EventType "team-match"]
[EventCountry "ENG"]
[SourceTitle "BritBase"]
[Source "John Saunders"]
[SourceDate "2024.10.24"]
[SourceVersion "1"]
[SourceVersionDate "2024.10.24"]
[SourceQuality "1"]
[WhiteTeam "South Wales Dragons 2"]
[BlackTeam "All Four Corners"]
[WhiteTeamCountry "WLS"]
[BlackTeamCountry "ENG"]

1. e4 b6 2. d4 Bb7 3. Bd3 d6 4. Nf3 Nd7 5. O-O Ngf6 6. Re1 e5 7. c3 a6 8. a4 Be7 9. Nbd2 O-O 10. Nf1 Nh5 11. Bc2 Kh8 12. Nxe5 dxe5 13. Qxh5 Nf6 14. Qxe5 Bc8 15. Qg3 Ng4 16. Qd3 f5 17. e5 Bh4 18. Re2 Bb7 19. f3 Nh6 20. c4 Be7 21. Be3 a5 22. Rd1 Qe8 23. d5 Qg6 24. Bd4 Rad8 25. Nd2 Bc8 26. f4 Ba6 27. Qf3 Bb7 28. Nb3 Ba6 29. Bd3 Bb7 30. h3 Qe8 31. Ra1 c5 32. Bc3 Qf7 33. Qg3 Qg8 34. Rd1 Rd7 35. Nd2 Rfd8 36. e6 Rxd5 37. cxd5 Bxd5 38. Rde1 Qf8 39. Bc4 Bc6 40. b3 Ng8 41. Nf3 Nf6 42. Ng5 Re8 43. Nf7+ Kg8 44. Nh6+ Kh8 45. Nxf5 g6 46. Nxe7 Qxe7 47. Qg5 Kg7 48. Bxf6+ 1-0

[Event "4NCL/2001-02/D3/SWD2-AFC"]
[Site "Rd02-Birmingham"]
[Date "2001.09.23"]
[Round "2.6"]
[White "Jones, Mary"]
[Black "Wilson, Julie C"]
[Result "1/2-1/2"]
[WhiteElo "1528"]
[BlackElo "1648"]
[PlyCount "82"]
[EventDate "2001.09.23"]
[EventType "team-match"]
[EventCountry "ENG"]
[SourceTitle "BritBase"]
[Source "John Saunders"]
[SourceDate "2024.10.24"]
[SourceVersion "1"]
[SourceVersionDate "2024.10.24"]
[SourceQuality "1"]
[WhiteTeam "All Four Corners"]
[BlackTeam "South Wales Dragons 2"]
[WhiteTeamCountry "ENG"]
[BlackTeamCountry "WLS"]

1. d4 Nf6 2. Bg5 e6 3. e4 Be7 4. Nd2 d5 5. e5 Nfd7 6. Bxe7 Qxe7 7. c3 c5 8. Ngf3 Nc6 9. a3 cxd4 10. cxd4 f6 11. exf6 Nxf6 12. Bb5 Bd7 13. O-O O-O 14. Re1 Rac8 15. Rc1 a6 16. Bxc6 Bxc6 17. Ne5 Bb5 18. Ndf3 Ne4 19. Rxc8 Rxc8 20. a4 Be8 21. Qb3 Qc7 22. h4 Qc2 23. Qxc2 Rxc2 24. Nd3 Bxa4 25. Ng5 Nxg5 26. hxg5 Rd2 27. Nc5 Bc6 28. Rxe6 Rxb2 29. Nxa6 Rd2 30. Nb4 Kf7 31. Re3 Rd1+ 32. Kh2 Rxd4 33. Nd3 Re4 34. Rh3 Kg8 35. f4 Ra4 36. Rf3 Rc4 37. Ne5 Rc2 38. Ra3 Kf8 39. g6 h6 40. Ra8+ Ke7 41. Rg8 d4 1/2-1/2

[Event "4NCL/2001-02/D3/WR2-BRI2"]
[Site "Rd02-Birmingham"]
[Date "2001.09.23"]
[Round "2.1"]
[White "Wise, David"]
[Black "Dilleigh, Stephen P"]
[Result "1/2-1/2"]
[WhiteElo "2179"]
[BlackElo "2191"]
[PlyCount "33"]
[EventDate "2001.09.23"]
[EventType "team-match"]
[EventCountry "ENG"]
[SourceTitle "BritBase"]
[Source "John Saunders"]
[SourceDate "2024.10.24"]
[SourceVersion "1"]
[SourceVersionDate "2024.10.24"]
[SourceQuality "1"]
[WhiteTeam "White Rose 2"]
[BlackTeam "Bristol 2"]
[WhiteTeamCountry "ENG"]
[BlackTeamCountry "ENG"]

1. d4 g6 2. e4 Bg7 3. Nc3 d6 4. Be3 Nf6 5. Qd2 c6 6. Nf3 b5 7. Bd3 Qc7 8. h3 Nbd7 9. O-O O-O 10. Bh6 Bb7 11. Bxg7 Kxg7 12. Rfe1 e5 13. dxe5 dxe5 14. Qe3 Rfe8 15. a4 a6 16. Nd2 Nf8 17. Nb3 1/2-1/2

[Event "4NCL/2001-02/D3/WR2-BRI2"]
[Site "Rd02-Birmingham"]
[Date "2001.09.23"]
[Round "2.2"]
[White "Kahar, Krunal"]
[Black "Thurlow, Kevin J"]
[Result "1/2-1/2"]
[WhiteElo "2172"]
[BlackElo "2194"]
[PlyCount "46"]
[EventDate "2001.09.23"]
[EventType "team-match"]
[EventCountry "ENG"]
[SourceTitle "BritBase"]
[Source "John Saunders"]
[SourceDate "2024.10.24"]
[SourceVersion "1"]
[SourceVersionDate "2024.10.24"]
[SourceQuality "1"]
[WhiteTeam "Bristol 2"]
[BlackTeam "White Rose 2"]
[WhiteTeamCountry "ENG"]
[BlackTeamCountry "ENG"]

1. d4 Nf6 2. Bg5 d5 3. Nf3 e6 4. e3 Nbd7 5. Nbd2 h6 6. Bh4 Be7 7. Bd3 O-O 8. O-O c5 9. c3 b6 10. Re1 Bb7 11. Qc2 Rc8 12. Rad1 Ne8 13. Bxe7 Qxe7 14. e4 dxe4 15. Bxe4 Bxe4 16. Nxe4 cxd4 17. Nxd4 Nc5 18. Re3 Nxe4 19. Qxe4 Nd6 20. Qf4 Nc4 21. Rg3 Qc7 22. Qxc7 Rxc7 23. b3 Ne5 1/2-1/2

[Event "4NCL/2001-02/D3/WR2-BRI2"]
[Site "Rd02-Birmingham"]
[Date "2001.09.23"]
[Round "2.3"]
[White "White, Mark W"]
[Black "Easton, Alex"]
[Result "0-1"]
[WhiteElo "2129"]
[BlackElo "2161"]
[PlyCount "60"]
[EventDate "2001.09.23"]
[EventType "team-match"]
[EventCountry "ENG"]
[SourceTitle "BritBase"]
[Source "John Saunders"]
[SourceDate "2024.10.24"]
[SourceVersion "1"]
[SourceVersionDate "2024.10.24"]
[SourceQuality "1"]
[WhiteTeam "White Rose 2"]
[BlackTeam "Bristol 2"]
[WhiteTeamCountry "ENG"]
[BlackTeamCountry "ENG"]

1. e4 e6 2. d4 d5 3. e5 c5 4. c3 Qb6 5. Nf3 Nc6 6. Bd3 cxd4 7. cxd4 Bd7 8. O-O Nxd4 9. Nxd4 Qxd4 10. Nc3 a6 11. Qe2 Rc8 12. Rd1 Bc5 13. Rf1 Ne7 14. Kh1 Qh4 15. Bd2 g6 16. f4 Nf5 17. Be1 Qe7 18. Bf2 Bxf2 19. Qxf2 Qc5 20. Qxc5 Rxc5 21. Rac1 Ke7 22. b4 Rcc8 23. Bxf5 gxf5 24. Rfd1 Rc4 25. a3 Rxf4 26. Rxd5 Rf2 27. Kg1 Rb2 28. Rd3 Rg8 29. g3 Bc6 30. b5 axb5 0-1

[Event "4NCL/2001-02/D3/WR2-BRI2"]
[Site "Rd02-Birmingham"]
[Date "2001.09.23"]
[Round "2.4"]
[White "Frost, Nicholas A"]
[Black "Van Kemenade, Rudy"]
[Result "1/2-1/2"]
[WhiteElo "2129"]
[BlackElo "1992"]
[PlyCount "105"]
[EventDate "2001.09.23"]
[EventType "team-match"]
[EventCountry "ENG"]
[SourceTitle "BritBase"]
[Source "John Saunders"]
[SourceDate "2024.10.24"]
[SourceVersion "1"]
[SourceVersionDate "2024.10.24"]
[SourceQuality "1"]
[WhiteTeam "Bristol 2"]
[BlackTeam "White Rose 2"]
[WhiteTeamCountry "ENG"]
[BlackTeamCountry "ENG"]

1. e4 e5 2. Nf3 Nf6 3. d4 Nxe4 4. Bd3 d5 5. dxe5 Nc6 6. h3 Bc5 7. O-O O-O 8. Nbd2 f5 9. exf6 Nxf6 10. Nb3 Bb6 11. Bg5 h6 12. Bh4 g5 13. Nxg5 hxg5 14. Bxg5 Ne5 15. a4 a5 16. Bh4 Qd6 17. Bg3 Ne4 18. Qh5 Rf5 19. Qe8+ Qf8 20. Qxf8+ Kxf8 21. Bxe4 dxe4 22. Rae1 e3 23. fxe3 Nc4 24. Bf4 Kg8 25. g4 Rf7 26. Kg2 Bd7 27. Kg3 Re8 28. e4 Ne5 29. Bxe5 Rxe5 30. Rxf7 Kxf7 31. Kf4 Re7 32. Nd2 Bxa4 33. b3 Bb5 34. c4 Bc6 35. Nf3 Kg7 36. Nh4 Bd7 37. Re2 Bd4 38. e5 c6 39. e6 Rxe6 40. Nf5+ Kf7 41. Nxd4 Rxe2 42. Nxe2 b5 43. cxb5 cxb5 44. Ke5 Be6 45. Nd4 Bd7 46. Kd6 Be8 47. Kc5 a4 48. bxa4 bxa4 49. Kb4 Kf6 50. h4 Bd7 51. g5+ Kg6 52. Nf3 Kh5 53. Ne5 1/2-1/2

[Event "4NCL/2001-02/D3/WR2-BRI2"]
[Site "Rd02-Birmingham"]
[Date "2001.09.23"]
[Round "2.5"]
[White "Keeling, Geoffrey"]
[Black "Curtis, John"]
[Result "0-1"]
[WhiteElo "2065"]
[BlackElo "2056"]
[PlyCount "62"]
[EventDate "2001.09.23"]
[EventType "team-match"]
[EventCountry "ENG"]
[SourceTitle "BritBase"]
[Source "John Saunders"]
[SourceDate "2024.10.24"]
[SourceVersion "1"]
[SourceVersionDate "2024.10.24"]
[SourceQuality "1"]
[WhiteTeam "White Rose 2"]
[BlackTeam "Bristol 2"]
[WhiteTeamCountry "ENG"]
[BlackTeamCountry "ENG"]

1. d4 Nf6 2. Nf3 c5 3. e3 g6 4. b3 Bg7 5. Bb2 O-O 6. Be2 d6 7. O-O Bf5 8. c4 cxd4 9. Nxd4 Bd7 10. Nd2 Nc6 11. N2f3 a6 12. Nxc6 bxc6 13. Qc2 c5 14. Rad1 Bc6 15. Nd2 a5 16. e4 Qc7 17. Rfe1 a4 18. Bf3 Nd7 19. g3 axb3 20. axb3 Ra2 21. Rb1 Rfa8 22. Qc1 Qa5 23. Nf1 Bxb2 24. Qg5 Bf6 25. Qh6 Bd4 26. Ne3 Qd2 27. Re2 Bxe3 28. fxe3 Qc3 29. Ree1 Ne5 30. Bh1 Qd2 31. Rf1 Ng4 0-1

[Event "4NCL/2001-02/D3/WR2-BRI2"]
[Site "Rd02-Birmingham"]
[Date "2001.09.23"]
[Round "2.6"]
[White "Rawlinson, Aidan M"]
[Black "Hardy, Otto Henry"]
[Result "1-0"]
[WhiteElo "2048"]
[BlackElo "1800"]
[PlyCount "111"]
[EventDate "2001.09.23"]
[EventType "team-match"]
[EventCountry "ENG"]
[SourceTitle "BritBase"]
[Source "John Saunders"]
[SourceDate "2024.10.24"]
[SourceVersion "1"]
[SourceVersionDate "2024.10.24"]
[SourceQuality "1"]
[WhiteTeam "Bristol 2"]
[BlackTeam "White Rose 2"]
[WhiteTeamCountry "ENG"]
[BlackTeamCountry "ENG"]

1. e4 d5 2. exd5 Qxd5 3. Nc3 Qa5 4. d4 c6 5. Nf3 Nf6 6. Bc4 Bf5 7. O-O e6 8. Bd2 Qc7 9. Re1 Be7 10. a4 O-O 11. Bg5 Nbd7 12. Qe2 h6 13. Bh4 Rfe8 14. Bg3 Bd6 15. Ne5 Rad8 16. Rad1 a6 17. Bd3 Bxd3 18. Rxd3 c5 19. Nxd7 Rxd7 20. dxc5 Bxg3 21. Rxg3 Qxc5 22. Ne4 Nxe4 23. Qxe4 Qd4 24. Kf1 Qxe4 25. Rxe4 Rd2 26. Rc3 Red8 27. Rb4 R8d7 28. Ke1 R2d4 29. Rc8+ Kh7 30. Rxd4 Rxd4 31. Rc7 Rb4 32. b3 Kg6 33. Kd2 f5 34. Kc3 a5 35. Rc4 Rb6 36. Rc5 Ra6 37. Rc7 Rb6 38. Rc5 Ra6 39. Kc4 Kf6 40. Rc7 Rb6 41. Rc5 Rb4+ 42. Kc3 Rf4 43. f3 e5 44. Rxa5 e4 45. fxe4 fxe4 46. Rb5 e3 47. Kd3 Rf2 48. Rxb7 Rxg2 49. a5 Rxh2 50. a6 e2 51. Kd2 e1=Q+ 52. Kxe1 Rxc2 53. a7 Ra2 54. b4 Ke6 55. b5 Kd6 56. Rb6+ 1-0

[Event "4NCL/2001-02/D3/WR2-BRI2"]
[Site "Rd02-Birmingham"]
[Date "2001.09.23"]
[Round "2.7"]
[White "Jones, Rupert W"]
[Black "Ponter, Ian P"]
[Result "1-0"]
[WhiteElo "1664"]
[BlackElo "2086"]
[PlyCount "65"]
[EventDate "2001.09.23"]
[EventType "team-match"]
[EventCountry "ENG"]
[SourceTitle "BritBase"]
[Source "John Saunders"]
[SourceDate "2024.10.24"]
[SourceVersion "1"]
[SourceVersionDate "2024.10.24"]
[SourceQuality "1"]
[WhiteTeam "White Rose 2"]
[BlackTeam "Bristol 2"]
[WhiteTeamCountry "ENG"]
[BlackTeamCountry "ENG"]

1. e4 e5 2. Bb5 c6 3. Ba4 Nf6 4. Nc3 Be7 5. f4 d6 6. Nf3 Nbd7 7. d3 O-O 8. O-O Nc5 9. Bb3 a5 10. Be3 Nxb3 11. axb3 Ng4 12. Qe2 f6 13. Bd2 exf4 14. Bxf4 Ne5 15. h3 Be6 16. Nd4 Bd7 17. Nf5 Re8 18. d4 Nf7 19. Nxe7+ Rxe7 20. Qf2 b5 21. Rfe1 Be8 22. Qg3 Rd7 23. Kh1 b4 24. Nd1 Nh8 25. Ne3 Ng6 26. d5 cxd5 27. exd5 Bf7 28. Rad1 Rc8 29. Rd2 Nxf4 30. Qxf4 Bg6 31. Nc4 Bf7 32. Qe3 Rc5 33. Nxd6 1-0

[Event "4NCL/2001-02/D3/WR2-BRI2"]
[Site "Rd02-Birmingham"]
[Date "2001.09.23"]
[Round "2.8"]
[White "Buckley, Maya"]
[Black "Van Kemenade, Julie"]
[Result "0-1"]
[WhiteElo "1336"]
[BlackElo "1592"]
[PlyCount "64"]
[EventDate "2001.09.23"]
[EventType "team-match"]
[EventCountry "ENG"]
[SourceTitle "BritBase"]
[Source "John Saunders"]
[SourceDate "2024.10.24"]
[SourceVersion "1"]
[SourceVersionDate "2024.10.24"]
[SourceQuality "1"]
[WhiteTeam "Bristol 2"]
[BlackTeam "White Rose 2"]
[WhiteTeamCountry "ENG"]
[BlackTeamCountry "ENG"]

1. d4 Nf6 2. c4 d6 3. Nc3 g6 4. Bg5 Bg7 5. e3 Nbd7 6. Bd3 c6 7. Nge2 O-O 8. O-O e5 9. Qc2 Qe8 10. Rfe1 Nh5 11. Ne4 Qe6 12. c5 d5 13. N4g3 Nxg3 14. Nxg3 e4 15. Bf1 f6 16. Bf4 Rf7 17. Rab1 g5 18. Bd6 Bf8 19. Bxf8 Nxf8 20. b4 f5 21. Qe2 f4 22. exf4 gxf4 23. Nh1 Qg6 24. Qb2 Bh3 25. g3 Bxf1 26. Rxf1 f3 27. h3 Qh5 28. Kh2 Rf6 29. g4 Qh4 30. Rg1 Ng6 31. Ng3 Nf4 32. Nh5 Qxh3# 0-1